Szczegóły MARC21

Podstawy prawa finansów ubezpieczeń społecznych : podręcznik akademicki /

003 -Nazwa inst., której nr kontr. jest w polu 001 [,]
    • @
    • Nazwa instytucji, której n kontrolny jest w polu 001
    • NUKAT
005 -DATA I CZAS OSTATNIEJ MODYFIKACJI [,]
    • @
    • pole kontrolne
    • 20241231112339.0
020 -Międzynarod. znormalizowany nr książki - ISBN [ , ]
    • a
    • Numer ISBN
    • 9788372857835 Find
040 -Instytucja sporządzająca opis [ , ]
    • a
    • Instytucja, która sporządziła opis (NP)
    • Ł U/bb
    • c
    • Instytucja, która sporządziła rekord (NP)
    • Ł U/bb
    • d
    • Instytucja, która zmodyfikowała rekord (P)
    • Ł U/bb
    • d
    • Instytucja, która zmodyfikowała rekord (P)
    • WR U/PAdjm
    • d
    • Instytucja, która zmodyfikowała rekord (P)
    • WR U/WZs
942 -Rodzaj dokumentu [ , ]
    • c
    • Rodzaj dokumentu
    • Książka
100 -Hasło główne - nazwa osobowa [1, ]
    • a
    • Nazwa osobowa (NP)
    • Brzezicki, Tomasz.
    • 9
    • KHW
    • 67525
245 -Strefa tytułu i oznaczenia odpowiedzialności [1,0]
    • a
    • Tytuł
    • Podstawy prawa finansów ubezpieczeń społecznych : Find
    • b
    • Ciąg dalszy tytułu (NP)
    • podręcznik akademicki / Find
    • c
    • Pozostałe elementy strefy tytułu i oznaczenia odpowiedzialności (NP)
    • Tomasz Brzezicki, Agnieszka Laskowska-Hulisz, Marzena Szabłowska-Juckiewicz, Jacek Wantoch-Rekowski ; pod redakcją Jacka Wantoch-Rekowskiego.
260 -Strefa adresu wydawniczego [ , ]
    • a
    • Miejsce wydania (P)
    • Toruń :
    • b
    • Nazwa wydawcy (P)
    • Towarzystwo Naukowe Organizacji i Kierownictwa - Stowarzyszenie Wyższej Użyteczności "Dom Organizatora",
    • c
    • Data wydania (P)
    • 2015.
300 -Strefa opisu fizycznego [ , ]
    • a
    • Określenie formy książki i/lub objętość (NP)
    • 267, [1] s. ;
    • c
    • Format (NP)
    • 20 cm.
336 -Typ zawartości [ , ]
    • a
    • Termin opisujący typ zawartości
    • Tekst
    • b
    • Kod określający zawartość
    • txt
    • 2
    • Źródło (terminu i kodu)
    • rdacontent
337 -Typ mediów [ , ]
    • a
    • Tryb odtwarzania
    • Bez urządzenia pośredniczącego
    • b
    • Kod typu mediów
    • n
    • 2
    • Źródło (terminu i kodu)
    • rdamedia
338 -Typ/rodzaj nośnika [ , ]
    • a
    • Hasło opisujące typ nośnika
    • Wolumin
    • b
    • Kod typu nośnika
    • nc
    • 2
    • Źródło (terminu i kodu)
    • rdacarrier
504 -Uwaga dot. bibliogr. załącznikowej [ , ]
    • a
    • Uwaga dot. bibliografii załącznikowej
    • Bibliogr. s. 265-[268].
521 -Uwaga dot. przeznaczenia czytelniczego [8, ]
    • a
    • Uwaga dot. przeznaczenia czytelniczego
    • Podręcznik akademicki [...] jest skierowany przede wszystkim do studentów, zwłaszcza takich kierunków, jak: prawo, administracja i ekonomia.
080 -Uniwersalna Klasyfikacja Dziesiętna [ , ]
    • 2
    • Identyfikator wydania tablic
    • UDC-P058
    • 9
    • UKD
    • 3558
    • a
    • Symbol klasyfikacji
    • 347.73
    • b
    • Dopowiedzenie
    • Instytucje handlowe. Prawo finansowe.
    • 4
    • UKD2
    • 7642
    • x
    • Poddział wspólny
    • (438)
    • c
    • Dopowiedzenie poddz. wspólnego
    • (Polska).
080 -Uniwersalna Klasyfikacja Dziesiętna [ , ]
    • 2
    • Identyfikator wydania tablic
    • UDC-P058
    • 9
    • UKD
    • 3650
    • a
    • Symbol klasyfikacji
    • 351.84
    • b
    • Dopowiedzenie
    • Nadzór administracyjny nad opieką społeczną, ubezpieczeniami społecznymi i pomocą społeczną.
    • 4
    • UKD2
    • 7642
    • x
    • Poddział wspólny
    • (438)
    • c
    • Dopowiedzenie poddz. wspólnego
    • (Polska).
080 -Uniwersalna Klasyfikacja Dziesiętna [ , ]
    • 2
    • Identyfikator wydania tablic
    • UDC-P058
    • 9
    • UKD
    • 3752
    • a
    • Symbol klasyfikacji
    • 364.3
    • b
    • Dopowiedzenie
    • Ubezpieczenia społeczne. Ubezpieczenia pracownicze (wynikające ze stosunku pracy).
    • 4
    • UKD2
    • 7642
    • x
    • Poddział wspólny
    • (438)
    • c
    • Dopowiedzenie poddz. wspólnego
    • (Polska).
610 -Hasło przedmiotowe w formie nazwy ciała zbiorowego [1,7]
    • a
    • Nazwa ciała zbiorowego lub nazwa geograficzna
    • Polska.
    • b
    • Nazwa jednostki podrzędnej
    • Zakład Ubezpieczeń Społecznych
    • v
    • Określnik formalny
    • podręczniki akademickie.
    • 2
    • Źródło terminu
    • kaba
    • 9
    • KHW
    • 390517
650 -Hasło przedmiotowe [ ,7]
    • a
    • Hasło przedmiotowe
    • Ubezpieczenia społeczne
    • z
    • Określnik geograficzny
    • Polska
    • y
    • Określnik chronologiczny
    • 1990-
    • v
    • Określnik formalny
    • podręczniki akademickie.
    • 2
    • Źródło terminu
    • kaba
    • 9
    • KHW
    • 390515
650 -Hasło przedmiotowe [ ,7]
    • a
    • Hasło przedmiotowe
    • Ubezpieczenia społeczne
    • z
    • Określnik geograficzny
    • Polska
    • x
    • Określnik rzeczowy
    • finanse
    • y
    • Określnik chronologiczny
    • 1990-
    • v
    • Określnik formalny
    • podręczniki akademickie.
    • 2
    • Źródło terminu
    • kaba
    • 9
    • KHW
    • 390516
650 -Hasło przedmiotowe [ ,7]
    • a
    • Hasło przedmiotowe
    • Ubezpieczenia społeczne
    • x
    • Określnik rzeczowy
    • składki
    • z
    • Określnik geograficzny
    • Polska
    • y
    • Określnik chronologiczny
    • 1990-
    • v
    • Określnik formalny
    • podręczniki akademickie.
    • 2
    • Źródło terminu
    • kaba
    • 9
    • KHW
    • 390518
980 -Symbol UKD [ , ]
    • a
    • UKD
    • 347.73:351.84:364.3](438)
700 -Hasło dodatkowe - nazwa osobowa [1, ]
    • a
    • Nazwa osobowa (NP)
    • Laskowska-Hulisz, Agnieszka. Find
    • 9
    • KHW
    • 80411
700 -Hasło dodatkowe - nazwa osobowa [1, ]
    • a
    • Nazwa osobowa (NP)
    • Szabłowska-Juckiewicz, Marzena Find
    • d
    • Daty biograficzne (NP)
    • (1979- ).
    • 9
    • KHW
    • 73273
700 -Hasło dodatkowe - nazwa osobowa [1, ]
    • a
    • Nazwa osobowa (NP)
    • Wantoch-Rekowski, Jacek. Find
    • 9
    • KHW
    • 14168
710 -Hasło dodatkowe - nazwa ciała zbiorowego [2, ]
    • a
    • Nazwa ciała zbiorowego lub nazwa geograficzna jako pierwszy element (NP)
    • Towarzystwo Naukowe Organizacji i Kierownictwa.
    • b
    • Nazwa jednostki podrzędnej (P)
    • Dom Organizatora.
    • 4
    • Kod relacji
    • pbl
    • 9
    • KHW
    • 53670
920 -ISBN [ , ]
    • a
    • ISBN
    • 978-83-7285-783-5 Find
Sygnatura Data inwentaryzacji Lokalizacja Status udost. Numer inwentarzowy
SA.238362016-03-17BSA1SA.23836